KOHA-Header-6

Rethinking (Record no. 2460)

000 -LEADER
fixed length control field 00293nam a2200121Ia 4500
008 - FIXED-LENGTH DATA ELEMENTS--GENERAL INFORMATION
fixed length control field 190802s9999 xx 000 0 und d
020 ## - INTERNATIONAL STANDARD BOOK NUMBER
International Standard Book Number 978-969-494-490-6
100 ## - MAIN ENTRY--PERSONAL NAME
Personal name Shahid Siddiqui
245 #0 - TITLE STATEMENT
Title Rethinking
260 ## - PUBLICATION, DISTRIBUTION, ETC. (IMPRINT)
Place of publication, distribution, etc Karachi
Name of publisher, distributor, etc Paramount Publishing
Date of publication, distribution, etc 2007
300 ## - PHYSICAL DESCRIPTION
Extent 198:p
942 ## - ADDED ENTRY ELEMENTS (KOHA)
Koha item type Books
Holdings
Withdrawn status Lost status Source of classification or shelving scheme Damaged status Not for loan Collection code Permanent Location Current Location Shelving location Date acquired Full call number Barcode Date last seen Price effective from Koha item type
          Banking MAJU MAJU Shelf No.A45 2019-08-03 379.54 9083 2019-08-03 2019-08-03 Banking

Powered by Koha